<?xml version="1.0" encoding="UTF-8"?>
<marc:record xmlns:marc="http://www.loc.gov/MARC21/slim">
   <marc:leader>00000nam a2200000 a 4500</marc:leader>
   <marc:datafield ind1="1" ind2=" " tag="100">
      <marc:subfield code="a">Benecke, Mark</marc:subfield>
      <marc:subfield code="4">aut</marc:subfield>
      <marc:subfield code="e">Verfasser/-in</marc:subfield>
   </marc:datafield>
   <marc:datafield ind1=" " ind2=" " tag="653">
      <marc:subfield code="a">Naturwissenschaft</marc:subfield>
   </marc:datafield>
   <marc:datafield ind1=" " ind2=" " tag="653">
      <marc:subfield code="a">Experiment</marc:subfield>
   </marc:datafield>
   <marc:datafield ind1="0" ind2="0" tag="245">
      <marc:subfield code="a">Das knallt dem Frosch die Locken weg!</marc:subfield>
   </marc:datafield>
   <marc:datafield ind1="0" ind2="0" tag="245">
      <marc:subfield code="b">Experimente für kleine und große Forscher</marc:subfield>
   </marc:datafield>
   <marc:datafield ind1="0" ind2="0" tag="245">
      <marc:subfield code="c">Benecke, Mark</marc:subfield>
   </marc:datafield>
   <marc:datafield ind1=" " ind2="1" tag="264">
      <marc:subfield code="c">2015</marc:subfield>
   </marc:datafield>
   <marc:datafield ind1=" " ind2=" " tag="250">
      <marc:subfield code="a">6. Aufl.</marc:subfield>
   </marc:datafield>
   <marc:datafield ind1="1" ind2=" " tag="520">
      <marc:subfield code="a">Krach, Qualm, Knacks! Das Forscherbuch mit "Aha"- und "Wow"-Effekt.&#xD;
&#xD;
Schleimschwimmen in der Badewanne, Malen mit Maden, Geheimbotschaften in brennender Tinte, Spiralgalaxien im Waschbecken und Monsterhörner frisch aus dem Blumentopf gezüchtet. Dr. "Made" Mark Benecke stellt seine Lieblingsexperimente vor, jede Menge Quatsch, Matsch und Rauch für Neugierige und naturwissenschaftlich Interessierte. Die Leser können die allesamt ungewöhnlichen und überraschenden Experimente einfach nachstellen und lernen dabei auch noch das eine oder andere naturwissenschaftliche Grundprinzip kennen. Der bekannte Bestseller-Autor und Forscher Dr. Mark Benecke hat ein hier ein ultimatives Experimentebuch zusammengestellt. Auf seine unkonventionelle und respektlose Art verführt er dabei so manchen, es selbst einmal zu versuchen. [Verlagstext]&#xD;
&#xD;
"Nicht zu toppen! Es gibt haufenweise Experimentier-Bücher, aber gegen dieses hier können die alle einpacken!" (Die Zeit)</marc:subfield>
   </marc:datafield>
   <marc:datafield ind1=" " ind2=" " tag="020">
      <marc:subfield code="a">9783789184376</marc:subfield>
      <marc:subfield code="9">9783789184376</marc:subfield>
   </marc:datafield>
   <marc:datafield ind1=" " ind2=" " tag="020">
      <marc:subfield code="a">3789184373</marc:subfield>
      <marc:subfield code="9">3789184373</marc:subfield>
   </marc:datafield>
   <marc:datafield ind1=" " ind2=" " tag="041">
      <marc:subfield code="a">ger</marc:subfield>
   </marc:datafield>
   <marc:datafield ind1=" " ind2=" " tag="300">
      <marc:subfield code="b">Illustrationen</marc:subfield>
   </marc:datafield>
   <marc:datafield ind1="1" ind2=" " tag="521">
      <marc:subfield code="a">Kind [ab 10 Jahren]</marc:subfield>
   </marc:datafield>
   <marc:datafield ind1=" " ind2=" " tag="338">
      <marc:subfield code="a">Band</marc:subfield>
   </marc:datafield>
   <marc:datafield ind1=" " ind2=" " tag="300">
      <marc:subfield code="a">167 S.</marc:subfield>
   </marc:datafield>
</marc:record>
